Adolescent girls : (Record no. 39296)

MARC details
000 -LEADER
fixed length control field 00885nam a22002297a 4500
005 - DATE AND TIME OF LATEST TRANSACTION
control field 2010080407127.0
010 ## - LCCN (DPL NO)
LC control number ENG-98138
020 ## - INTERNATIONAL STANDARD BOOK NUMBER
International Standard Book Number 9788171326075
Terms of availability 325.00
035 ## - SYSTEM CONTROL NUMBER
System control number EN-81671
037 ## - SOURCE OF ACQUISITION
Source of stock number/acquisition DBAD/PUB
082 ## - DEWEY DECIMAL CLASSIFICATION NUMBER
Classification number 310.4315
100 ## - MAIN ENTRY--PERSONAL NAME
Personal name Narang, Darshan K.
245 ## - TITLE STATEMENT
Title Adolescent girls :
Remainder of title awareness, rights and reproductive health /
Statement of responsibility, etc by Darshan K. Narang, Neeru Chhabra [and] Kavita Koradia
260 ## - PUBLICATION, DISTRIBUTION, ETC. (IMPRINT)
Place of publication, distribution, etc Jaipur
Name of publisher, distributor, etc Pointer Publishers
Date of publication, distribution, etc 2010
270 ## - ADDRESS
Address 807, Vyas Building, Chaura Rasta
City Jaipur
Postal code 302003
300 ## - PHYSICAL DESCRIPTION
Extent vi, 96p.
Dimensions 22cm (Hb)
500 ## - GENERAL NOTE
General note includes bibliographical references
700 ## - ADDED ENTRY--PERSONAL NAME
Personal name Chhabra, Neeru
9 (RLIN) 6279
700 ## - ADDED ENTRY--PERSONAL NAME
Personal name Koradia, Kavita
9 (RLIN) 6280
942 ## - ADDED ENTRY ELEMENTS (KOHA)
Source of classification or shelving scheme Dewey Decimal Classification
Item type English Books
Classification part 310.4315
Call number suffix NAR
Holdings
Withdrawn status Lost status Not for loan Collection code Home library Current library Date acquired Source of acquisition Cost, normal purchase price Full call number Barcode Copy number Cost, replacement price Koha item type
    Not For Loan Non-fiction D.B.Act.Division D.B.Act.Division 04/08/2010 DBAD/PUB 325.00 310.4315 NAR EN-81671 1 325.00 English Books

© Delhi Public Library
Hit Counter
free hit counter